[Event "Amsterdam ACT op 1st"]
[Site "Amsterdam"]
[Date "2004.07.25"]
[Round "9"]
[White "Kuzmin, Alexey"]
[Black "Siebrecht, Sebastian"]
[Result "1-0"]
[WhiteElo "2567"]
[BlackElo "2340"]
[PlyCount "53"]
[EventDate "2004.07.17"]
[EventType "swiss"]
[EventRounds "9"]
[EventCountry "NED"]
[SourceTitle "CBM 101 Extra"]
[Source "ChessBase"]
[SourceDate "2004.09.01"]
[SourceVersion "2"]
[SourceVersionDate "2004.09.01"]
[SourceQuality "1"]

1. d4 d6 2. e4 Nf6 3. Nc3 c6 4. Nf3 Bg4 5. Be2 e6 6. h3 Bxf3 7. Bxf3 d5 8. e5 Nfd7 9. 0-0 Be7 10. Ne2 0-0 11. Nf4 c5 12. c4 cxd4 13. cxd5 Nxe5 14. dxe6 Nxf3+ 15. Qxf3 Nc6 16. Qb3 Rb8 17. Bd2 h6 18. Rfe1 Bd6 19. Ng6 Qf6 20. Nxf8 Rxf8 21. f4 Bc5 22. Qxb7 d3+ 23. Kh1 Nd4 24. e7 Re8 25. Qd7 Rxe7 26. Qc8+ Kh7 27. Qxc5 1-0

[Event "Andorra op 22nd"]
[Site "Andorra"]
[Date "2004.07.10"]
[Round "8"]
[White "Kuzmin, Alexey"]
[Black "Berkovich, Mark A"]
[Result "1/2-1/2"]
[WhiteElo "2567"]
[BlackElo "2398"]
[PlyCount "38"]
[EventDate "2004.07.03"]
[EventType "swiss"]
[EventRounds "9"]
[EventCountry "AND"]
[SourceTitle "CBM 101 Extra"]
[Source "ChessBase"]
[SourceDate "2004.09.01"]
[SourceVersion "2"]
[SourceVersionDate "2004.09.01"]
[SourceQuality "1"]

1. d4 Nf6 2. c4 e6 3. Nc3 d5 4. Bg5 c5 5. cxd5 cxd4 6. Qxd4 Be7 7. Nf3 exd5 8. e4 dxe4 9. Bb5+ Bd7 10. Bxf6 Bxf6 11. Qxe4+ Qe7 12. Qxe7+ Bxe7 13. Bxd7+ Nxd7 14. Nd5 Bd8 15. 0-0-0 0-0 16. Rhe1 Nf6 17. Nxf6+ Bxf6 18. Rd7 Rab8 19. Re2 Rfd8 1/2-1/2

[Event "Andorra op 22nd"]
[Site "Andorra"]
[Date "2004.07.09"]
[Round "7"]
[White "Fernandez Romero, Ernesto"]
[Black "Kuzmin, Alexey"]
[Result "1/2-1/2"]
[WhiteElo "2423"]
[BlackElo "2567"]
[PlyCount "91"]
[EventDate "2004.07.03"]
[EventType "swiss"]
[EventRounds "9"]
[EventCountry "AND"]
[SourceTitle "CBM 101 Extra"]
[Source "ChessBase"]
[SourceDate "2004.09.01"]
[SourceVersion "2"]
[SourceVersionDate "2004.09.01"]
[SourceQuality "1"]

1. e4 e5 2. Nf3 Nc6 3. Bc4 Nf6 4. d4 exd4 5. Ng5 Ne5 6. Qxd4 Nxc4 7. Qxc4 d5 8. exd5 h6 9. Nf3 Qxd5 10. Qe2+ Be6 11. 0-0 Bd6 12. Nc3 Qc4 13. Qxc4 Bxc4 14. Re1+ Kd7 15. Ne5+ Bxe5 16. Rxe5 Be6 17. Bf4 Rad8 18. Ree1 c6 19. a4 Bf5 20. Rac1 Rhe8 21. Rxe8 Rxe8 22. f3 Kc8 23. Kf2 b6 24. h4 h5 25. b4 Kb7 26. Bg5 Nd7 27. Nd1 Be6 28. Bf4 Ra8 29. Bd2 c5 30. a5 cxb4 31. Bxb4 b5 32. Nc3 a6 33. Ne4 Kc6 34. Rd1 Bd5 35. Nc3 Nf6 36. Ne2 Rc8 37. c3 Rc7 38. Nd4+ Kb7 39. Nf5 g6 40. Ne3 Rd7 41. Rd4 Be6 42. Rxd7+ Bxd7 43. Be7 Ng8 44. Bb4 Nf6 45. Be7 Ng8 46. Bb4 1/2-1/2

[Event "Andorra op 22nd"]
[Site "Andorra"]
[Date "2004.07.05"]
[Round "3"]
[White "De la Villa Garcia, Jesus Maria"]
[Black "Kuzmin, Alexey"]
[Result "1/2-1/2"]
[WhiteElo "2467"]
[BlackElo "2567"]
[PlyCount "87"]
[EventDate "2004.07.03"]
[EventType "swiss"]
[EventRounds "9"]
[EventCountry "AND"]
[SourceTitle "CBM 101 Extra"]
[Source "ChessBase"]
[SourceDate "2004.09.01"]
[SourceVersion "2"]
[SourceVersionDate "2004.09.01"]
[SourceQuality "1"]

1. e4 e5 2. Nf3 Nc6 3. Bb5 a6 4. Bxc6 dxc6 5. 0-0 f6 6. d4 exd4 7. Nxd4 c5 8. Nb3 Qxd1 9. Rxd1 Bg4 10. f3 Be6 11. Bf4 c4 12. Nd4 0-0-0 13. Nc3 Bf7 14. Nf5 Rxd1+ 15. Rxd1 g6 16. Ne3 Bc5 17. Kf2 Ne7 18. h4 b5 19. Bh6 Re8 20. Kf1 f5 21. Ned5 Nxd5 22. Nxd5 Rd8 23. Bg5 Rd7 24. Ke2 Bxd5 25. exd5 h5 26. b3 c6 27. dxc6 Rxd1 28. Kxd1 Kc7 29. Kd2 Kxc6 30. Kc3 Kd5 31. bxc4+ bxc4 32. Bd8 Bd6 33. Bf6 Bc5 34. Bd8 Ba3 35. Bf6 a5 36. Kd2 Bb4+ 37. Ke2 a4 38. Bd8 Bc5 39. Kd2 Bd4 40. Be7 Ke6 41. Bd8 Kd7 42. Bg5 Kc6 43. Bd8 Kc5 44. Bg5 1/2-1/2

[Event "RUS-ch qual 57th"]
[Site "St Petersburg"]
[Date "2004.05.22"]
[Round "2"]
[White "Kuzmin, Alexey"]
[Black "Dreev, Alexey"]
[Result "0-1"]
[WhiteElo "2567"]
[BlackElo "2689"]
[PlyCount "86"]
[EventDate "2004.05.21"]
[EventType "swiss"]
[EventRounds "9"]
[EventCountry "RUS"]
[SourceTitle "CBM 102"]
[Source "ChessBase"]
[SourceDate "2004.09.23"]
[SourceVersion "1"]
[SourceVersionDate "2004.09.23"]
[SourceQuality "1"]

1. d4 d5 2. c4 c6 3. Nc3 Nf6 4. e3 e6 5. Nf3 Nbd7 6. Bd3 dxc4 7. Bxc4 b5 8. Bd3 Bb7 9. e4 b4 10. Na4 c5 11. e5 Nd5 12. Nxc5 Nxc5 13. dxc5 Bxc5 14. 0-0 h6 15. Nd2 Qc7 16. Re1 Ne7 17. Qg4 Rd8 18. Be4 Qb6 19. Qf3 Bd5 20. Bxd5 Rxd5 21. Nc4 Qa6 22. b3 0-0 23. Be3 Bxe3 24. Qxe3 Nf5 25. Qe2 Rfd8 26. h3 Qb7 27. Red1 Nd4 28. Qg4 f5 29. exf6 Rg5 30. Rxd4 Rxd4 31. Qxe6+ Kh7 32. g3 Qf3 33. fxg7 Re4 34. Qd6 Re2 35. Rf1 Rxg7 36. Na5 Rxa2 37. Nc6 Ra6 38. Rc1 Ra2 39. Rf1 Ra6 40. Rc1 Rf7 41. Qc5 Rc7 42. Qc2+ Kg7 43. Qb2+ Qf6 0-1

[Event "Dubai op 6th"]
[Site "Dubai"]
[Date "2004.04.22"]
[Round "4"]
[White "Wong, Zi Jing"]
[Black "Kuzmin, Alexey"]
[Result "0-1"]
[WhiteElo "2339"]
[BlackElo "2567"]
[PlyCount "53"]
[EventDate "2004.04.19"]
[EventType "swiss"]
[EventRounds "9"]
[EventCountry "UAE"]
[SourceTitle "CBM 101"]
[Source "ChessBase"]
[SourceDate "2004.07.27"]
[SourceVersion "1"]
[SourceVersionDate "2004.07.27"]
[SourceQuality "1"]

1. e4 e5 2. Nf3 Nc6 3. Bc4 Nf6 4. d4 exd4 5. e5 Ne4 6. Qe2 Nc5 7. c3 d3 8. Qe3 Ne6 9. Nbd2 d5 10. exd6 Bxd6 11. 0-0 0-0 12. Ne4 Bf4 13. Qxd3 Qxd3 14. Bxd3 Bxc1 15. Rfxc1 Nf4 16. Bc4 Bg4 17. Nd4 Ne5 18. Bf1 Rad8 19. f3 Bh5 20. Re1 Rfe8 21. Rad1 Bg6 22. b3 Nh3+ 23. gxh3 Rxd4 24. Rxd4 Nxf3+ 25. Kf2 Nxe1 26. Kxe1 Bxe4 27. Kd2 0-1

[Event "Gibraltar Masters"]
[Site "Catalan Bay"]
[Date "2004.02.04"]
[Round "9"]
[White "Kuzmin, Alexey"]
[Black "Bakre, Tejas"]
[Result "1/2-1/2"]
[WhiteElo "2570"]
[BlackElo "2446"]
[PlyCount "75"]
[EventDate "2004.01.27"]
[EventType "swiss"]
[EventRounds "10"]
[EventCountry "ENG"]
[SourceTitle "CBM 098 Extra"]
[Source "ChessBase"]
[SourceDate "2004.03.10"]
[SourceVersion "2"]
[SourceVersionDate "2004.03.10"]
[SourceQuality "1"]

1. e4 c5 2. Nf3 d6 3. d4 cxd4 4. Nxd4 Nf6 5. Nc3 Nc6 6. Bg5 e6 7. Qd2 Be7 8. 0-0-0 0-0 9. f4 Nxd4 10. Qxd4 Qa5 11. Bc4 Bd7 12. e5 dxe5 13. fxe5 Bc6 14. Bd2 Nd7 15. Nd5 Qd8 16. Nxe7+ Qxe7 17. Rhe1 Rfd8 18. Qg4 Nf8 19. Bd3 Rd5 20. Bb4 Qd8 21. g3 Ng6 22. Bc3 Qc7 23. h4 Nxe5 24. Bxh7+ Kxh7 25. Qh5+ Kg8 26. Rxd5 Bxd5 27. Bxe5 Qd8 28. Qg4 f6 29. Bc3 e5 30. Rd1 Qd6 31. a3 Qe6 32. Qe2 Qc6 33. Qe3 Bf3 34. Rd3 Bg4 35. Be1 Bf5 36. Rc3 Qe4 37. Qxe4 Bxe4 38. Bf2 1/2-1/2

[Event "Gibraltar Masters"]
[Site "Catalan Bay"]
[Date "2004.01.29"]
[Round "3"]
[White "Kuzmin, Alexey"]
[Black "Del Rio de Angelis, Salvador Gabriel"]
[Result "1-0"]
[WhiteElo "2570"]
[BlackElo "2504"]
[PlyCount "69"]
[EventDate "2004.01.27"]
[EventType "swiss"]
[EventRounds "10"]
[EventCountry "ENG"]
[SourceTitle "CBM 098 Extra"]
[Source "ChessBase"]
[SourceDate "2004.03.10"]
[SourceVersion "2"]
[SourceVersionDate "2004.03.10"]
[SourceQuality "1"]

1. d4 e6 2. c4 Nf6 3. Nf3 d5 4. Nc3 Be7 5. Bg5 0-0 6. e3 h6 7. Bh4 b6 8. Be2 Nbd7 9. cxd5 exd5 10. Qa4 c5 11. 0-0 c4 12. Ne5 Nxe5 13. dxe5 Ne4 14. Nxe4 Bxh4 15. Nc3 Be6 16. Bf3 Qc7 17. Bxd5 Bxd5 18. Nxd5 Qc5 19. Rad1 Rfd8 20. b4 cxb3 21. Qxb3 Rac8 22. g3 Be7 23. Rd3 Bf8 24. Rfd1 Re8 25. Rc3 Qa5 26. e6 Rxc3 27. exf7+ Kxf7 28. Nxc3+ Kg6 29. Rd7 Qf5 30. Rxa7 Rd8 31. Qxb6+ Rd6 32. Qb5 Qc8 33. Qb1+ Kh5 34. Ra5+ g5 35. g4+ 1-0

[Event "Gibraltar Masters"]
[Site "Catalan Bay"]
[Date "2004.01.28"]
[Round "2"]
[White "Davies, Nigel Rodney"]
[Black "Kuzmin, Alexey"]
[Result "1/2-1/2"]
[WhiteElo "2502"]
[BlackElo "2570"]
[PlyCount "49"]
[EventDate "2004.01.27"]
[EventType "swiss"]
[EventRounds "10"]
[EventCountry "ENG"]
[SourceTitle "CBM 098 Extra"]
[Source "ChessBase"]
[SourceDate "2004.03.10"]
[SourceVersion "2"]
[SourceVersionDate "2004.03.10"]
[SourceQuality "1"]

1. Nf3 Nf6 2. g3 g6 3. Bg2 Bg7 4. c4 0-0 5. 0-0 d6 6. d4 Nc6 7. Nc3 a6 8. b3 Rb8 9. Nd5 Nh5 10. Bb2 e6 11. Ne3 Bd7 12. Qd2 Ne7 13. Rac1 Bh6 14. Ne1 f5 15. f4 g5 16. fxg5 Bxg5 17. Nf3 Bh6 18. Qc3 Ng6 19. Rce1 Qe7 20. Nd1 Nf6 21. Nf2 Ne4 22. Nxe4 fxe4 23. Nd2 d5 24. Rxf8+ Rxf8 25. Rf1 1/2-1/2

[Event "Monarch Assurance 12th"]
[Site "Port Erin"]
[Date "2003.09.28"]
[Round "2"]
[White "Kuzmin, Alexey"]
[Black "Allen, Keith"]
[Result "1-0"]
[WhiteElo "2583"]
[BlackElo "2224"]
[PlyCount "119"]
[EventDate "2003.09.27"]
[EventType "swiss"]
[EventRounds "9"]
[EventCountry "IOM"]
[SourceTitle "CBM 096 Extra"]
[Source "ChessBase"]
[SourceDate "2003.10.22"]
[SourceVersion "2"]
[SourceVersionDate "2003.10.20"]
[SourceQuality "1"]

1. d4 f5 2. Nc3 d5 3. Bf4 c6 4. e3 Nf6 5. Nf3 e6 6. Bd3 Bd6 7. Ne2 Ne4 8. 0-0 0-0 9. c4 b6 10. a3 Qe7 11. b4 g5 12. Bxd6 Nxd6 13. Ne5 Nf7 14. f4 Nxe5 15. dxe5 g4 16. Rc1 a5 17. cxd5 cxd5 18. Nd4 axb4 19. axb4 Na6 20. Nc6 Qd7 21. Qd2 Bb7 22. Nd4 Rfc8 23. Ra1 Qe7 24. Qe2 Nxb4 25. Bxf5 exf5 26. Nxf5 Qf8 27. Qxg4+ Kh8 28. Nd6 Nc2 29. Rxa8 Rxa8 30. Qe2 Ba6 31. Qxc2 Bxf1 32. Kxf1 d4 33. Ke2 Ra3 34. exd4 Qxf4 35. Qc8+ Kg7 36. Qd7+ Kg6 37. Qe8+ Kg7 38. Nf5+ Qxf5 39. Qe7+ Kg8 40. Qxa3 Qe4+ 41. Qe3 Qxg2+ 42. Kd3 Qxh2 43. Qg5+ Kf7 44. Qf5+ Ke8 45. Qc8+ Ke7 46. Qc7+ Ke8 47. Qc6+ Ke7 48. Qd6+ Ke8 49. Qe6+ Kf8 50. Qxb6 h5 51. Qd8+ Kf7 52. Qd7+ Kf8 53. Qf5+ Ke8 54. d5 Qh1 55. Qe6+ Kf8 56. Qf6+ Ke8 57. d6 Qd1+ 58. Ke3 Kd7 59. Qf7+ Kc6 60. Qf3+ 1-0

[Event "Monarch Assurance 12th"]
[Site "Port Erin"]
[Date "2003.09.05"]
[Round "9"]
[White "Handke, Florian"]
[Black "Kuzmin, Alexey"]
[Result "0-1"]
[WhiteElo "2476"]
[BlackElo "2583"]
[PlyCount "76"]
[EventDate "2003.09.27"]
[EventType "swiss"]
[EventRounds "9"]
[EventCountry "IOM"]
[SourceTitle "CBM 096 Extra"]
[Source "ChessBase"]
[SourceDate "2003.10.22"]
[SourceVersion "2"]
[SourceVersionDate "2003.10.20"]
[SourceQuality "1"]

1. e4 e5 2. Nf3 Nc6 3. Bb5 a6 4. Ba4 Nf6 5. 0-0 Be7 6. Re1 b5 7. Bb3 d6 8. c3 0-0 9. h3 Na5 10. Bc2 c5 11. d4 Qc7 12. Nbd2 cxd4 13. cxd4 Bb7 14. d5 Rac8 15. Bd3 Nd7 16. Nf1 f5 17. b4 Nc4 18. exf5 Bxd5 19. Ng3 Qb7 20. Nd4 Bxg2 21. f3 Qa7 22. Kxg2 Qxd4 23. f6 Bxf6 24. Rb1 Ndb6 25. a4 Nxa4 26. Re4 Qb6 27. Bxc4+ bxc4 28. Qxa4 d5 29. Rg4 c3 30. Qa2 Qb5 31. Be3 Kh8 32. Bc5 Rfd8 33. Rd1 Qc6 34. Qc2 a5 35. Nh5 axb4 36. Bxb4 d4 37. Ng3 Qb5 38. Ba3 d3 0-1

[Event "Monarch Assurance 12th"]
[Site "Port Erin"]
[Date "2003.09.02"]
[Round "6"]
[White "Kuzmin, Alexey"]
[Black "Barsov, Alexei"]
[Result "1/2-1/2"]
[WhiteElo "2583"]
[BlackElo "2526"]
[PlyCount "34"]
[EventDate "2003.09.27"]
[EventType "swiss"]
[EventRounds "9"]
[EventCountry "IOM"]
[SourceTitle "CBM 096 Extra"]
[Source "ChessBase"]
[SourceDate "2003.10.22"]
[SourceVersion "2"]
[SourceVersionDate "2003.10.20"]
[SourceQuality "1"]

1. d4 Nf6 2. c4 e6 3. Nf3 d5 4. Nc3 Be7 5. Bg5 h6 6. Bh4 0-0 7. e3 b6 8. Be2 dxc4 9. Bxc4 Bb7 10. Bg3 a6 11. a4 Nbd7 12. 0-0 c5 13. d5 exd5 14. Bxd5 Nxd5 15. Nxd5 Bxd5 16. Qxd5 Re8 17. e4 Nf6 1/2-1/2

[Event "Biel MTO op"]
[Site "Biel"]
[Date "2003.07.31"]
[Round "10"]
[White "Adianto, Utut"]
[Black "Kuzmin, Alexey"]
[Result "1/2-1/2"]
[WhiteElo "2573"]
[BlackElo "2583"]
[PlyCount "129"]
[EventDate "2003.07.19"]
[EventType "swiss"]
[EventRounds "11"]
[EventCountry "SUI"]
[SourceTitle "CBM 095 Extra"]
[Source "ChessBase"]
[SourceDate "2003.09.04"]
[SourceVersion "1"]
[SourceVersionDate "2003.09.04"]
[SourceQuality "1"]

1. d4 Nf6 2. c4 g6 3. Nc3 Bg7 4. e4 d6 5. Nf3 0-0 6. Be2 e5 7. 0-0 Nc6 8. d5 Ne7 9. b4 Nh5 10. Re1 f5 11. Ng5 Nf6 12. Bf3 c6 13. Qb3 h6 14. Ne6 Bxe6 15. dxe6 Qc8 16. c5 fxe4 17. cxd6 exf3 18. dxe7 Re8 19. Bb2 Rxe7 20. Rxe5 Qc7 21. Ree1 fxg2 22. h3 Qf4 23. Ne2 Qd6 24. b5 Qxe6 25. bxc6 Qxb3 26. axb3 bxc6 27. Nf4 Rxe1+ 28. Rxe1 Kf7 29. Rc1 Nh5 30. Nxh5 Bxb2 31. Rc2 Bd4 32. Ng3 Rc8 33. Rc4 Bb6 34. Kxg2 h5 35. h4 Ke6 36. Ne2 Kd6 37. Nf4 Rf8 38. Re4 Rf6 39. Kf3 Kd7 40. Ke2 Bc7 41. Nd3 Rf5 42. f4 a5 43. Kd2 Kd6 44. Re8 Kd7 45. Re4 Rd5 46. Kc3 Bd8 47. Kc4 Bf6 48. Nc5+ Kc7 49. Ne6+ Kb6 50. Nf8 Bxh4 51. Nxg6 Bf6 52. Ne5 Rc5+ 53. Kd3 Kb5 54. Re3 h4 55. Ke4 Rc1 56. Kf5 Bd8 57. Rd3 Bc7 58. Rh3 Rb1 59. Ke6 c5 60. Ng6 Kb4 61. f5 Bg3 62. f6 Re1+ 63. Kd7 Rd1+ 64. Ke6 Re1+ 65. Kd7 1/2-1/2

[Event "Biel MTO op"]
[Site "Biel"]
[Date "2003.07.28"]
[Round "7"]
[White "Kuzmin, Alexey"]
[Black "Dvoirys, Semen I"]
[Result "1-0"]
[WhiteElo "2583"]
[BlackElo "2555"]
[PlyCount "55"]
[EventDate "2003.07.19"]
[EventType "swiss"]
[EventRounds "11"]
[EventCountry "SUI"]
[SourceTitle "CBM 095 Extra"]
[Source "ChessBase"]
[SourceDate "2003.09.04"]
[SourceVersion "1"]
[SourceVersionDate "2003.09.04"]
[SourceQuality "1"]

1. d4 Nf6 2. c4 g6 3. Nc3 d5 4. Bf4 Bg7 5. e3 c5 6. dxc5 Qa5 7. Rc1 dxc4 8. Bxc4 0-0 9. Nge2 Qxc5 10. Qb3 Qa5 11. 0-0 Nc6 12. h3 a6 13. Rfd1 b5 14. Bd5 Bb7 15. Ng3 Rac8 16. Nge4 Nxe4 17. Nxe4 e6 18. Bxe6 fxe6 19. Qxe6+ Kh8 20. Nd6 Nd8 21. Qe7 Rxc1 22. Rxc1 Qxa2 23. Be5 Qg8 24. Nxb7 Nxb7 25. Rc7 Rf7 26. Qxf7 Bxe5 27. Qxg8+ Kxg8 28. Rxb7 1-0

[Event "Andorra op 21st"]
[Site "Andorra"]
[Date "2003.07.10"]
[Round "6"]
[White "Kuzmin, Alexey"]
[Black "Fernandez Romero, Ernesto"]
[Result "1/2-1/2"]
[WhiteElo "2583"]
[BlackElo "2434"]
[PlyCount "76"]
[EventDate "2003.07.05"]
[EventType "swiss"]
[EventRounds "9"]
[EventCountry "AND"]
[SourceTitle "CBM 095 Extra"]
[Source "ChessBase"]
[SourceDate "2003.09.04"]
[SourceVersion "1"]
[SourceVersionDate "2003.09.04"]
[SourceQuality "1"]

1. d4 e6 2. c4 Nf6 3. Nf3 Bb4+ 4. Bd2 Qe7 5. g3 Nc6 6. Nc3 Bxc3 7. Bxc3 Ne4 8. Qc2 Nxc3 9. Qxc3 0-0 10. Bg2 d6 11. d5 Nd8 12. 0-0 e5 13. Nd2 f5 14. f4 exf4 15. gxf4 Qxe2 16. Rae1 Qh5 17. c5 Qf7 18. Nc4 b5 19. Na5 Nb7 20. Nxb7 Bxb7 21. c6 b4 22. Qxb4 Ba6 23. Rf2 Rfe8 24. h3 Rxe1+ 25. Qxe1 Bd3 26. Kh2 Re8 27. Qa5 a6 28. Rd2 Be2 29. Qc3 h5 30. Qd4 Qe7 31. Qf2 h4 32. b4 Bb5 33. Bf3 Qf6 34. Qd4 Qxd4 35. Rxd4 Re3 36. Bd1 Ra3 37. Bb3 Ba4 38. Bc4 Bb5 1/2-1/2

[Event "Andorra op 21st"]
[Site "Andorra"]
[Date "2003.07.09"]
[Round "5"]
[White "Oms Pallisse, Josep"]
[Black "Kuzmin, Alexey"]
[Result "1/2-1/2"]
[WhiteElo "2476"]
[BlackElo "2583"]
[PlyCount "87"]
[EventDate "2003.07.05"]
[EventType "swiss"]
[EventRounds "9"]
[EventCountry "AND"]
[SourceTitle "CBM 095 Extra"]
[Source "ChessBase"]
[SourceDate "2003.09.04"]
[SourceVersion "1"]
[SourceVersionDate "2003.09.04"]
[SourceQuality "1"]

1. d4 Nf6 2. c4 g6 3. Nc3 Bg7 4. e4 d6 5. f3 0-0 6. Be3 c5 7. dxc5 dxc5 8. Qxd8 Rxd8 9. Bxc5 Nc6 10. Ba3 a5 11. Rd1 Be6 12. Rxd8+ Rxd8 13. Nd5 Bxd5 14. cxd5 Nb4 15. Kf2 Rc8 16. Bb5 Rc5 17. Ba4 Rc1 18. g3 g5 19. g4 Nfxd5 20. exd5 Nxd5 21. Bb3 Bd4+ 22. Ke2 e6 23. Bd1 b5 24. Bd6 Bxb2 25. Nh3 h6 26. Nf2 Nc3+ 27. Kd3 Nxa2 28. Bc2 a4 29. Rd1 a3 30. Ne4 b4 31. f4 Rxd1+ 32. Bxd1 Nc1+ 33. Kc2 b3+ 34. Kb1 gxf4 35. Nd2 e5 36. Nxb3 Nxb3 37. Bxb3 Kg7 38. Bd5 Kg6 39. Be7 f5 40. h3 fxg4 41. hxg4 h5 42. Be4+ Kf7 43. Bxa3 Bxa3 44. gxh5 1/2-1/2

[Event "Andorra op 21st"]
[Site "Andorra"]
[Date "2003.07.07"]
[Round "3"]
[White "Krush, Irina"]
[Black "Kuzmin, Alexey"]
[Result "1-0"]
[WhiteElo "2449"]
[BlackElo "2583"]
[PlyCount "161"]
[EventDate "2003.07.05"]
[EventType "swiss"]
[EventRounds "9"]
[EventCountry "AND"]
[SourceTitle "CBM 095 Extra"]
[Source "ChessBase"]
[SourceDate "2003.09.04"]
[SourceVersion "1"]
[SourceVersionDate "2003.09.04"]
[SourceQuality "1"]

1. d4 Nf6 2. c4 g6 3. Nc3 Bg7 4. e4 d6 5. Nf3 0-0 6. Be2 e5 7. 0-0 Nc6 8. d5 Ne7 9. Ne1 Nd7 10. Nd3 f5 11. Bd2 Kh8 12. Rc1 Nf6 13. f3 f4 14. c5 Neg8 15. cxd6 cxd6 16. Nb5 Rf7 17. Qc2 Ne8 18. a4 h5 19. Qc3 g5 20. Rc2 g4 21. Rfc1 a6 22. Na3 gxf3 23. gxf3 Bh3 24. Kh1 Qh4 25. Nc4 Rc8 26. Qb3 Kh7 27. Ba5 Bf6 28. Rg1 Bd8 29. Be1 Qe7 30. Bf2 Nh6 31. Rc3 Rg7 32. Rcc1 Rxg1+ 33. Rxg1 Nf7 34. Nb6 Bxb6 35. Bxb6 Nf6 36. Nf2 Bd7 37. Nd1 Rg8 38. Rxg8 Nxg8 39. Qc2 h4 40. Nf2 h3 41. Qc7 Bxa4 42. Qxe7 Nxe7 43. Nxh3 Ng6 44. Kg2 Nh4+ 45. Kf2 Kg6 46. Ke1 Bd7 47. Ng1 Kf6 48. Kd2 Ke7 49. Kc3 Ng6 50. Kb4 Ng5 51. Ka5 Nh3 52. Nxh3 Bxh3 53. Bf2 Kd7 54. Kb6 Kc8 55. Be1 Nf8 56. Bb4 Nd7+ 57. Ka7 Kc7 58. Ba5+ b6 59. Be1 a5 60. Bf2 Nc5 61. Bxc5 dxc5 62. b3 Bg2 63. d6+ Kxd6 64. Kxb6 c4 65. bxc4 a4 66. c5+ Ke7 67. c6 a3 68. c7 a2 69. c8Q a1Q 70. Qc7+ Kf6 71. Qd8+ Kg6 72. Qg8+ Kf6 73. Qxg2 Qb2+ 74. Ka7 Qa2+ 75. Kb8 Qb2+ 76. Kc7 Qc3+ 77. Kb6 Qb2+ 78. Kc5 Qc2+ 79. Kd6 Qd2+ 80. Kc7 Qc3+ 81. Kd8 1-0

[Event "Dubai op 5th"]
[Site "Dubai"]
[Date "2003.04.29"]
[Round "9"]
[White "Kuzmin, Alexey"]
[Black "Sveshnikov, Evgeny"]
[Result "1/2-1/2"]
[WhiteElo "2576"]
[BlackElo "2551"]
[PlyCount "84"]
[EventDate "2003.04.20"]
[EventType "swiss"]
[EventRounds "9"]
[EventCountry "UAE"]
[SourceTitle "CBM 093 Extra"]
[Source "ChessBase"]
[SourceDate "2003.05.09"]
[SourceVersion "1"]
[SourceVersionDate "2003.05.09"]
[SourceQuality "1"]

1. d4 d5 2. Nf3 Nf6 3. c4 e6 4. Nc3 c6 5. cxd5 exd5 6. Bg5 Bf5 7. Qb3 b5 8. e3 Nbd7 9. Qd1 Bd6 10. Bd3 Bxd3 11. Qxd3 0-0 12. 0-0 Qe8 13. Nd2 Qe6 14. Rac1 Rfe8 15. Ne2 Ne4 16. Bf4 Bf8 17. Nf3 f6 18. h3 Rac8 19. Bh2 g5 20. Rc2 Nb6 21. Nd2 Nc4 22. Nxc4 bxc4 23. Qd1 Re7 24. Nc3 Nxc3 25. Rxc3 Rb7 26. b3 Bb4 27. Rc2 cxb3 28. axb3 Bf8 29. Qd3 a5 30. Bg3 Rb6 31. Rfc1 Ba3 32. Ra1 Bb4 33. h4 gxh4 34. Bxh4 Rcb8 35. Bg3 R8b7 36. Bf4 Rg7 37. f3 Rgb7 38. Kf2 Rb5 39. Raa2 Bf8 40. Rc3 Bb4 41. Rcc2 Bf8 42. Rc3 Bb4 1/2-1/2

[Event "Dubai op 5th"]
[Site "Dubai"]
[Date "2003.04.28"]
[Round "8"]
[White "Ulybin, Mikhail"]
[Black "Kuzmin, Alexey"]
[Result "1/2-1/2"]
[WhiteElo "2562"]
[BlackElo "2576"]
[PlyCount "89"]
[EventDate "2003.04.20"]
[EventType "swiss"]
[EventRounds "9"]
[EventCountry "UAE"]
[SourceTitle "CBM 093 Extra"]
[Source "ChessBase"]
[SourceDate "2003.05.09"]
[SourceVersion "1"]
[SourceVersionDate "2003.05.09"]
[SourceQuality "1"]

1. e4 e5 2. Nf3 Nc6 3. Bb5 a6 4. Ba4 Nf6 5. 0-0 Be7 6. Re1 b5 7. Bb3 d6 8. c3 0-0 9. a4 Bg4 10. d3 Na5 11. Bc2 b4 12. Nbd2 c5 13. h3 Bxf3 14. Nxf3 Rb8 15. Qe2 Qc7 16. Be3 Nd7 17. Nd2 bxc3 18. bxc3 Rb2 19. Rec1 Rfb8 20. Qd1 Nf8 21. Rcb1 Ne6 22. Nb3 Nxb3 23. Rxb2 Nxa1 24. Qxa1 Bg5 25. Rxb8+ Qxb8 26. Bxg5 Nxg5 27. a5 Kf8 28. Qa2 Qb5 29. Qd5 Ke7 30. f4 Ne6 31. fxe5 dxe5 32. Bb3 Qxa5 33. Qxe5 Qc7 34. Qd5 Qd6 35. Qb7+ Kf6 36. Bc4 Qg3 37. Qxa6 Qe1+ 38. Kh2 Qxc3 39. Qc6 Qe5+ 40. Kh1 Qa1+ 41. Kh2 Qd4 42. Qb7 Qe5+ 43. Kh1 Qa1+ 44. Kh2 Qe5+ 45. Kh1 1/2-1/2

[Event "Biel MTO op"]
[Site "Biel"]
[Date "2002.07.31"]
[Round "9"]
[White "Kuzmin, Alexey"]
[Black "Arizmendi Martinez, Julen Luis"]
[Result "1/2-1/2"]
[WhiteElo "2582"]
[BlackElo "2503"]
[PlyCount "70"]
[EventDate "2002.07.22"]
[EventType "swiss"]
[EventRounds "11"]
[EventCountry "SUI"]
[SourceTitle "EXT 2003"]
[Source "ChessBase"]
[SourceDate "2002.11.25"]
[SourceVersion "1"]
[SourceVersionDate "2002.11.25"]
[SourceQuality "1"]

1. d4 d6 2. c4 e5 3. Nc3 exd4 4. Qxd4 Nc6 5. Qd2 Nf6 6. b3 a5 7. g3 a4 8. Bb2 a3 9. Bc1 d5 10. cxd5 Bb4 11. Qe3+ Ne7 12. Bd2 0-0 13. Bg2 Nexd5 14. Nxd5 Nxd5 15. Qd4 Bxd2+ 16. Qxd2 Qf6 17. Rc1 Be6 18. e4 Ne7 19. Ne2 Bxb3 20. 0-0 Qb2 21. Qxb2 axb2 22. Rb1 Rxa2 23. Nc3 Ra5 24. Rxb2 Bc4 25. Rd1 b5 26. Rd7 Ra1+ 27. Rb1 Rxb1+ 28. Nxb1 Ng6 29. Rxc7 Ra8 30. Nd2 Ra1+ 31. Bf1 Bxf1 32. Rc8+ Nf8 33. Nxf1 Re1 34. Rb8 Rxe4 35. Rxb5 g6 1/2-1/2

[Event "Biel MTO op"]
[Site "Biel"]
[Date "2002.07.29"]
[Round "7"]
[White "Philippe, Christophe"]
[Black "Kuzmin, Alexey"]
[Result "0-1"]
[WhiteElo "2316"]
[BlackElo "2582"]
[PlyCount "98"]
[EventDate "2002.07.22"]
[EventType "swiss"]
[EventRounds "11"]
[EventCountry "SUI"]
[SourceTitle "EXT 2003"]
[Source "ChessBase"]
[SourceDate "2002.11.25"]
[SourceVersion "1"]
[SourceVersionDate "2002.11.25"]
[SourceQuality "1"]

1. e4 e5 2. Bc4 Nf6 3. d3 Nc6 4. Nc3 Na5 5. Qf3 Nxc4 6. dxc4 d6 7. Nge2 Be7 8. h3 Be6 9. b3 c6 10. 0-0 0-0 11. Rd1 Qc7 12. a4 Ne8 13. g4 g6 14. Bh6 Ng7 15. Ng3 f6 16. Kh1 Kh8 17. Rg1 Rg8 18. Nd1 Rae8 19. Ne3 Bc8 20. Bxg7+ Rxg7 21. Rad1 Bd8 22. Rd3 Qe7 23. Rgd1 Bc7 24. Qe2 Rgg8 25. f3 Rd8 26. Qh2 Bb6 27. Qd2 a5 28. Ng2 Bc7 29. Ne3 Be6 30. Kg2 Bb6 31. Nef1 Bc7 32. Ne3 Rd7 33. Kh1 Rgd8 34. Kg2 Bb6 35. Qe1 Qg7 36. Kh2 Qh6 37. Ng2 Qf8 38. Ne3 Bxe3 39. Qxe3 f5 40. exf5 gxf5 41. gxf5 Bxf5 42. Nxf5 Qxf5 43. Qe4 Qf6 44. R1d2 Rg7 45. h4 Qh6 46. Rd1 Rdg8 47. R3d2 Rg6 48. Rf2 Qg7 49. Rdd2 Rg1 0-1